| 000 | 01313nam a2200349 c 4500 | ||
|---|---|---|---|
| 003 | BLK | ||
| 005 | 20250729134921.0 | ||
| 008 | 180411b bul|||||r ||||||| ||bul|| | ||
| 010 | _aKNG00214955000 | ||
| 020 |
_a978-954-769-441-5 _bиздат.: Обсидиан |
||
| 040 | _aBLK | ||
| 041 |
_aBUL _cBUL |
||
| 072 | 7 |
_2bullib _aН83 _xЧужда художествена литература Н |
|
| 080 |
_aАмериканска литература (на САЩ) _b821.111(73) _x-312.4 _z821.111(73)-312.4 |
||
| 100 | 1 |
_aГришам, Джон _eпърви автор _956458 |
|
| 139 |
_aГришам, Джон _bГ 84 |
||
| 245 | 1 | 0 |
_aБар "Петлите" _bРоман _cДжон Гришам; прев. от англ. Надежда Иванова Розова. |
| 257 | _aUSA | ||
| 260 |
_аСофия _bОбсидиан _c2017 _fВ. Търново : Абагар |
||
| 300 |
_a340 с. _c21 см |
||
| 380 | _aX | ||
| 500 | _aОриг. загл. The Rooster Bar / John Grisham. | ||
| 653 | _aкрими | ||
| 653 | _aромани | ||
| 659 | _aН | ||
| 852 | _aЦб 288556 | ||
| 856 | 4 |
_qpdf _u |
|
| 856 | 4 |
_qpdf _u |
|
| 942 |
_cKNG _n0 _0145 |
||
| 944 |
_aCR _c17.12.2017 _lЦветомила Тодорова _k30576 |
||
| 944 |
_aED _c26.02.2018 _lф / _kЛюдмила_Стоянова |
||
| 999 |
_c205350 _d205350 |
||